| 000 | 00481nam a2200193Ia 4500 | ||
|---|---|---|---|
| 003 | OSt | ||
| 005 | 20250205143221.0 | ||
| 008 | 210210b1973 xxu||||| |||| 00| 0 eng d | ||
| 040 | _cAL | ||
| 041 | _aKannada | ||
| 082 | _aK894.3 BICK | ||
| 100 |
_aBICHI. _9131311 _dಬೀಚಿ. |
||
| 245 |
_aKhadi sire. _bಖಾದಿ ಸೀರೆ |
||
| 260 |
_aBengaluru _bPrakasha Sahitya _c1973 |
||
| 300 | _a200 | ||
| 690 |
_aKannada Fiction _9131312 |
||
| 906 | _a033200 | ||
| 942 |
_2ddc _cBK |
||
| 999 |
_c83896 _d83896 |
||